000 00614nam a2200229Ia 4500
003 OSt
005 20220924121416.0
006 a|||||r|||| 00| 0
007 ta
008 220923b |||||||| |||| 00| 0 urd d
024 _a314964
037 _cTextual
040 _aARTS
_cARTS
_burd
041 _2urd
_aurd
082 _aO168,1N354:g, M5
100 _aNayyar Salahuddin
_9185720
245 0 _aSaibaan
260 _aHyderabad
_bSalahuddin Nayyar India
_c1985
650 _aURDU POETRY
942 _hO168,1N354:g, M5
_cTEXL
_2CC
999 _c407346
_d407346